<?xml version="1.0" encoding="UTF-8"?>
<record
    xmlns:xsi="http://www.w3.org/2001/XMLSchema-instance"
    xsi:schemaLocation="http://www.loc.gov/MARC21/slim http://www.loc.gov/standards/marcxml/schema/MARC21slim.xsd"
    xmlns="http://www.loc.gov/MARC21/slim">

  <leader>00645nam a2200205Ia 4500</leader>
  <controlfield tag="003">OSt</controlfield>
  <controlfield tag="005">20250122121142.0</controlfield>
  <controlfield tag="008">230107s9999||||xx |||||||||||||| ||und||</controlfield>
  <datafield tag="020" ind1=" " ind2=" ">
    <subfield code="a">978 1 84407 593 5</subfield>
  </datafield>
  <datafield tag="040" ind1=" " ind2=" ">
    <subfield code="c">Chuka University Library</subfield>
  </datafield>
  <datafield tag="050" ind1=" " ind2=" ">
    <subfield code="a">CTA S 599.9</subfield>
    <subfield code="b">T76H36 2008</subfield>
  </datafield>
  <datafield tag="100" ind1=" " ind2=" ">
    <subfield code="a">F.M.S. Moreira.</subfield>
    <subfield code="9">4866</subfield>
  </datafield>
  <datafield tag="245" ind1=" " ind2="2">
    <subfield code="a">A handbook of tropical soil biology: sampling and characterization of below- ground biodiversity</subfield>
  </datafield>
  <datafield tag="260" ind1=" " ind2=" ">
    <subfield code="a">Earthscan </subfield>
    <subfield code="b">London</subfield>
    <subfield code="c">2008</subfield>
  </datafield>
  <datafield tag="300" ind1=" " ind2=" ">
    <subfield code="a">218 P.</subfield>
    <subfield code="b">Includes Index </subfield>
  </datafield>
  <datafield tag="650" ind1=" " ind2=" ">
    <subfield code="a">tropical soil biology</subfield>
    <subfield code="9">10826</subfield>
  </datafield>
  <datafield tag="700" ind1=" " ind2=" ">
    <subfield code="a"> E.J. Huising</subfield>
    <subfield code="9">10827</subfield>
  </datafield>
  <datafield tag="700" ind1=" " ind2=" ">
    <subfield code="a"> D.E. Bignell</subfield>
    <subfield code="9">10828</subfield>
  </datafield>
  <datafield tag="942" ind1=" " ind2=" ">
    <subfield code="c">BK</subfield>
    <subfield code="2">lcc</subfield>
    <subfield code="0">2</subfield>
  </datafield>
  <datafield tag="952" ind1=" " ind2=" ">
    <subfield code="0">0</subfield>
    <subfield code="1">0</subfield>
    <subfield code="2">lcc</subfield>
    <subfield code="4">0</subfield>
    <subfield code="7">0</subfield>
    <subfield code="8">LGL</subfield>
    <subfield code="a">CHK</subfield>
    <subfield code="b">CHK</subfield>
    <subfield code="c">GEN</subfield>
    <subfield code="d">2023-01-07</subfield>
    <subfield code="l">0</subfield>
    <subfield code="o">CTA S 599.9 .T76H36 2008</subfield>
    <subfield code="p">056/2011</subfield>
    <subfield code="r">2023-05-23 00:00:00</subfield>
    <subfield code="t">2</subfield>
    <subfield code="w">2023-01-07</subfield>
    <subfield code="y">BK</subfield>
  </datafield>
  <datafield tag="952" ind1=" " ind2=" ">
    <subfield code="0">0</subfield>
    <subfield code="1">0</subfield>
    <subfield code="2">lcc</subfield>
    <subfield code="4">0</subfield>
    <subfield code="7">0</subfield>
    <subfield code="8">LGL</subfield>
    <subfield code="a">CHK</subfield>
    <subfield code="b">CHK</subfield>
    <subfield code="c">BSL</subfield>
    <subfield code="d">2023-07-21</subfield>
    <subfield code="l">1</subfield>
    <subfield code="m">1</subfield>
    <subfield code="o">S 599.9 .T76H36 2008</subfield>
    <subfield code="p">055/2011</subfield>
    <subfield code="r">2024-02-27 00:00:00</subfield>
    <subfield code="s">2024-01-24</subfield>
    <subfield code="w">2023-07-21</subfield>
    <subfield code="y">BK</subfield>
  </datafield>
  <datafield tag="952" ind1=" " ind2=" ">
    <subfield code="0">0</subfield>
    <subfield code="1">0</subfield>
    <subfield code="2">lcc</subfield>
    <subfield code="4">0</subfield>
    <subfield code="7">0</subfield>
    <subfield code="8">LGL</subfield>
    <subfield code="a">CHK</subfield>
    <subfield code="b">CHK</subfield>
    <subfield code="c">GEN</subfield>
    <subfield code="d">2024-03-19</subfield>
    <subfield code="l">1</subfield>
    <subfield code="o">S 599.9 .T76H36 2008</subfield>
    <subfield code="p">22585/2024</subfield>
    <subfield code="r">2025-02-03 00:00:00</subfield>
    <subfield code="s">2025-01-22</subfield>
    <subfield code="t">3</subfield>
    <subfield code="w">2024-03-19</subfield>
    <subfield code="y">BK</subfield>
  </datafield>
  <datafield tag="999" ind1=" " ind2=" ">
    <subfield code="c">8482</subfield>
    <subfield code="d">8482</subfield>
  </datafield>
</record>
